Polskie miasta w Euro Truck Simulator 2 - Statystyki

Ogólne statystyki
  • Ten quiz został rozwiązany 78 razy
  • Średni wynik to 10 z 11
Statystyki odpowiedzi
Mapa Miasto % Poprawnych
Going East! Gdańsk
100%
Going East! Warszawa
99%
Gra podstawowa Wrocław
99%
Gra podstawowa Poznań
97%
Going East! Kraków
96%
Going East! Białystok
95%
Going East! Lublin
95%
Gra podstawowa Szczecin
95%
Going East! Katowice
93%
Going East! Łódź
93%
Going East! Olsztyn
81%
Nie znaleziono quizów pasujących do podanych kryteriów
Rozkład punktacji
Procent ludzi z każdym wynikiem
Percentyl według liczby udzielonych odpowiedzi
Twoja historia wyników
Nie rozwiązałeś tego quizu